|
|
|
|
| LEADER |
00000nab a2200000 a 4500 |
| 001 |
vtls000092752 |
| 003 |
SK-MaSNL |
| 005 |
20260305042344.0 |
| 008 |
111103c1981 xo 0 slo |
| 015 |
|
|
|a SNBRB19rr/mm-uuuuu
|
| 035 |
|
|
|a CL0102855
|
| 040 |
|
|
|a SNKBUCL
|b slo
|c SNKBUCL
|e AACR2
|
| 041 |
0 |
|
|a slo
|
| 044 |
|
|
|a xo
|c SK
|
| 080 |
|
|
|a 330.5
|2 1981
|
| 245 |
0 |
0 |
|a Boli sme úspešní
|
| 650 |
0 |
7 |
|a päťročnica 6.
|2 snkbucl
|9 747126
|
| 651 |
|
7 |
|a 5300
|2 snkbucl
|9 279425
|
| 651 |
|
7 |
|a Stredoslovenský kraj (Slovensko)
|2 snkbucl
|9 161135
|
| 655 |
|
7 |
|a články z novín a časopisov
|2 snkbucl
|9 267496
|
| 773 |
0 |
|
|t Národné výbory
|g Č. 9 (1981), s. 4-5
|
| 850 |
|
|
|a Slovenská národná knižnica v Martine
|a MTA001
|
| 852 |
|
|
|a SNK
|b KIS3GCP
|
| 958 |
|
|
|a RK
|
| 992 |
|
|
|a RBX
|
| 999 |
|
|
|c 3348628
|d 3350558
|